[Event "DRUGA LIGA CENTRALNE SRBIJE - ISTOK 2017"]
[Site "Srebrno jezero"]
[Date "2017.09.10"]
[Round "4.6"]
[White "Micovic, Nikola"]
[Black "Savic, Natasa"]
[Result "1-0"]
[WhiteElo "1834"]
[BlackElo "1338"]
[PlyCount "49"]
[EventDate "2017.09.08"]

1. d4 Nf6 2. c4 g6 3. Nc3 Bg7 4. e4 d6 5. Nf3 O-O 6. Be2 Nbd7 7. O-O c5 8. dxc5
Nxc5 9. Qc2 b6 10. Rd1 Bb7 11. e5 Ne8 12. Bf4 Qc7 13. exd6 Nxd6 14. Nb5 Qc6 15.
Nxd6 exd6 16. Rxd6 Qc8 17. Rad1 Qg4 18. Be3 Be4 19. Qd2 Ne6 20. h3 Qf5 21. Nd4
Bxd4 22. Bxd4 h5 23. Bd3 Nf4 24. Rf6 Qg5 25. Bxe4 1-0

[Event "DRUGA LIGA CENTRALNE SRBIJE - ISTOK 2017"]
[Site "Srebrno jezero"]
[Date "2017.09.10"]
[Round "4.5"]
[White "Arsic, Djordje"]
[Black "Radisavljevic, Dalibor"]
[Result "1-0"]
[WhiteElo "2137"]
[BlackElo "1871"]
[PlyCount "73"]
[EventDate "2017.09.08"]

1. e4 e6 2. d3 d5 3. Qe2 Nf6 4. Nf3 Be7 5. g3 c5 6. Bg2 Nc6 7. O-O O-O 8. e5
Nd7 9. h4 Qc7 10. Bf4 b5 11. h5 a5 12. h6 g6 13. Re1 Ba6 14. Nbd2 c4 15. d4 b4
16. c3 Rfb8 17. Ng5 a4 18. Qg4 Bxg5 19. Bxg5 Rb5 20. Nf3 a3 21. bxa3 bxc3 22.
Qf4 Qa5 23. Nh2 Qxa3 24. Ng4 Rab8 25. Rac1 Qf8 26. Rxc3 Ra5 27. Qd2 Rab5 28.
Rxc4 Rb2 29. Rc2 Rxc2 30. Qxc2 Bc4 31. Qd2 Qb4 32. Rd1 Qxd2 33. Rxd2 Rb1+ 34.
Kh2 Ra1 35. Rb2 Rxa2 36. Rb7 Ra7 37. Rxd7 1-0

[Event "DRUGA LIGA CENTRALNE SRBIJE - ISTOK 2017"]
[Site "Srebrno jezero"]
[Date "2017.09.10"]
[Round "4.6"]
[White "Pantic, Dejan"]
[Black "Mitic, Jovan Dj"]
[Result "1-0"]
[WhiteElo "1830"]
[BlackElo "2083"]
[PlyCount "64"]
[EventDate "2017.09.08"]

1. e4 c5 2. g3 g6 3. Bg2 Bg7 4. c3 Nc6 5. Ne2 d6 6. O-O Nf6 7. d4 cxd4 8. Nxd4
Qb6 9. Nxc6 bxc6 10. Qc2 Rb8 11. b3 O-O 12. Be3 Qc7 13. f3 d5 14. Nd2 Rd8 15.
e5 Nd7 16. f4 e6 17. c4 Ba6 18. Rfd1 Qb7 19. Rab1 f6 20. Bh3 Re8 21. exf6 Bxf6
22. Nf3 e5 23. Bxd7 Qxd7 24. fxe5 Bxe5 25. Nxe5 Rxe5 26. Bf4 Rbe8 27. Bxe5 Rxe5
28. Qf2 Rf5 29. Qd4 Qf7 30. Rf1 dxc4 31. bxc4 Rxf1+ 32. Rxf1 Qxc4 1-0

[Event "DRUGA LIGA CENTRALNE SRBIJE - ISTOK 2017"]
[Site "Srebrno jezero"]
[Date "2017.09.10"]
[Round "4.6"]
[White "Gajovic, Dragan"]
[Black "Milosevic, Aleksandar"]
[Result "0-1"]
[WhiteElo "2141"]
[BlackElo "2272"]
[PlyCount "62"]
[EventDate "2017.09.08"]

1. Nf3 c5 2. g3 Nc6 3. Bg2 g6 4. d4 cxd4 5. Nxd4 Bg7 6. Nxc6 bxc6 7. O-O h5 8.
h4 Rb8 9. e4 Rxb2 10. Bxb2 Bxb2 11. Nd2 Bxa1 12. Qxa1 Nf6 13. Qd4 Qb6 14. Qe5
O-O 15. Qxe7 Ng4 16. Bf3 d5 17. exd5 cxd5 18. Bxd5 Qd4 19. Qd6 Be6 20. c4 Qxd2
21. Qc5 Bxd5 22. cxd5 Rd8 23. Qxa7 Qxd5 24. f3 Ra8 25. Qxa8+ Qxa8 26. fxg4 Qa3
27. Kg2 Qxa2+ 28. Rf2 Qd5+ 29. Kh2 Qd4 30. Rf4 Qxf4 31. gxf4 hxg4 0-1

[Event "DRUGA LIGA CENTRALNE SRBIJE - ISTOK 2017"]
[Site "Srebrno jezero"]
[Date "2017.09.10"]
[Round "4.5"]
[White "Spasojevic, Zoran M"]
[Black "Markovic, Marko"]
[Result "1-0"]
[WhiteElo "2226"]
[BlackElo "2227"]
[PlyCount "71"]
[EventDate "2017.09.08"]

1. c4 e5 2. Nc3 Bb4 3. g3 Bxc3 4. bxc3 d6 5. Bg2 Nc6 6. Rb1 Nge7 7. Nf3 O-O 8.
O-O Rb8 9. d3 h6 10. Ne1 Be6 11. Nc2 Qd7 12. Re1 d5 13. c5 Bh3 14. Bh1 f5 15.
f4 exf4 16. gxf4 g5 17. Ne3 Kh7 18. Qb3 Rbd8 19. Kf2 d4 20. Nc4 gxf4 21. Rg1
Ng6 22. Rxg6 Kxg6 23. Bxf4 Kh7 24. Rg1 dxc3 25. Qxb7 Qd4+ 26. e3 Qxd3 27. Qxc6
Qc2+ 28. Kg3 Rg8+ 29. Kxh3 Rxg1 30. Qxh6+ Kg8 31. Qe6+ Kh7 32. Qe7+ Rg7 33.
Qh4+ Kg8 34. Qxd8+ Kh7 35. Qh4+ Kg8 36. Bd5+ 1-0

[Event "DRUGA LIGA CENTRALNE SRBIJE - ISTOK 2017"]
[Site "Srebrno jezero"]
[Date "2017.09.10"]
[Round "4.5"]
[White "Raicevic, Ivica"]
[Black "Blagojevic, Vladan"]
[Result "0-1"]
[WhiteElo "2174"]
[BlackElo "2065"]
[PlyCount "66"]
[EventDate "2017.09.08"]

1. c4 c5 2. Nc3 Nc6 3. g3 g6 4. Bg2 Bg7 5. Rb1 Nf6 6. a3 O-O 7. b4 cxb4 8. axb4
Ne5 9. Qb3 d6 10. Nh3 Bf5 11. d3 Qc8 12. Nf4 Nc6 13. O-O Re8 14. b5 Nd4 15. Qa2
e5 16. Nfd5 Nxd5 17. Nxd5 e4 18. dxe4 Bxe4 19. Bxe4 Rxe4 20. Be3 Nf5 21. Rb4
Nxe3 22. Nxe3 Qc5 23. Ra4 Rae8 24. Qd2 Bh6 25. Kg2 Bxe3 26. fxe3 Rxc4 27. Rxc4
Qxc4 28. Rf2 d5 29. b6 axb6 30. Rf4 Re4 31. Kf2 b5 32. Qa5 Rxf4+ 33. gxf4 b4
0-1

[Event "DRUGA LIGA CENTRALNE SRBIJE - ISTOK 2017"]
[Site "Srebrno jezero"]
[Date "2017.09.10"]
[Round "4.5"]
[White "Miljkovic, Mihajlo"]
[Black "Popovic, Djordje D"]
[Result "1-0"]
[WhiteElo "2267"]
[BlackElo "2247"]
[PlyCount "53"]
[EventDate "2017.09.08"]

1. d4 Nf6 2. c4 e6 3. Nc3 Bb4 4. Qc2 O-O 5. e4 Bxc3+ 6. bxc3 c5 7. e5 Ne8 8.
Ba3 Na6 9. Nf3 b6 10. Bd3 f5 11. Rd1 Qe7 12. d5 g5 13. h3 Qg7 14. Bc1 h6 15.
Qe2 d6 16. O-O Nac7 17. Rfe1 Kh8 18. Bc2 exd5 19. cxd5 dxe5 20. Nxe5 Nd6 21.
Qh5 Re8 22. f4 Kg8 23. c4 Ne4 24. Bxe4 fxe4 25. d6 gxf4 26. Bxf4 Bb7 27. dxc7
1-0

[Event "DRUGA LIGA CENTRALNE SRBIJE - ISTOK 2017"]
[Site "Srebrno jezero"]
[Date "2017.09.10"]
[Round "4.5"]
[White "Jovanovic, Darko"]
[Black "Stojiljkovic, Stefan"]
[Result "0-1"]
[WhiteElo "1945"]
[BlackElo "2184"]
[PlyCount "96"]
[EventDate "2017.09.08"]

1. d4 d5 2. c4 c6 3. Nc3 Nf6 4. Nf3 e6 5. Bg5 dxc4 6. Bxf6 Qxf6 7. a4 Bb4 8.
Qc2 Nd7 9. e3 O-O 10. Bxc4 e5 11. dxe5 Nxe5 12. Nxe5 Qxe5 13. O-O Bd6 14. g3
Bg4 15. Be2 Be6 16. Rfd1 Rad8 17. Rd2 Be7 18. Rad1 Rxd2 19. Rxd2 Rd8 20. Rxd8+
Bxd8 21. Bd3 g6 22. Ne4 Be7 23. Qc3 Qxc3 24. Nxc3 Bb3 25. a5 a6 26. Ne4 Bb4 27.
Kf1 f5 28. Nf6+ Kg7 29. Nd7 Be6 30. Ne5 Bxa5 31. Ke2 Bc7 32. Nf3 c5 33. h4 b5
34. Ng5 Bg8 35. f4 Bd8 36. Kd2 Bxg5 37. hxg5 Bd5 38. Be2 Kf7 39. g4 fxg4 40.
Bxg4 b4 41. Kd3 c4+ 42. Kd2 a5 43. Be2 a4 44. e4 a3 45. bxa3 bxa3 46. Kc3 a2
47. Kb2 c3+ 48. Ka1 c2 0-1

[Event "DRUGA LIGA CENTRALNE SRBIJE - ISTOK 2017"]
[Site "Srebrno jezero"]
[Date "2017.09.10"]
[Round "4.6"]
[White "Urosevic, Goran"]
[Black "Vlahovic, Bogdan"]
[Result "1-0"]
[WhiteElo "2267"]
[BlackElo "2307"]
[PlyCount "115"]
[EventDate "2017.09.08"]

1. e4 e6 2. d4 d5 3. Nc3 Bb4 4. e5 Ne7 5. a3 Bxc3+ 6. bxc3 c5 7. h4 Nbc6 8. Nf3
Qa5 9. Bd2 Qa4 10. h5 h6 11. Rh4 c4 12. g3 Bd7 13. Rf4 Rf8 14. Bh3 O-O-O 15.
Nh4 Rde8 16. Ra2 Nd8 17. Rf3 Rg8 18. g4 Rh8 19. Qc1 Reg8 20. Ke2 Nec6 21. Rg3
Qa5 22. f4 Qc7 23. Qg1 Ne7 24. f5 Qb6 25. a4 Qa6 26. Qb1 Re8 27. Rf3 Nec6 28.
Kf2 Qa5 29. Bc1 f6 30. Ng6 exf5 31. gxf5 fxe5 32. Nxh8 Rxh8 33. Qb5 e4 34. Rg3
Rf8 35. Qxa5 Nxa5 36. Rxg7 Bxf5 37. Kg3 Bxh3 38. Kxh3 Rf3+ 39. Kg4 Rf1 40. Bxh6
Nac6 41. Rh7 Rg1+ 42. Kf5 Rf1+ 43. Bf4 Nf7 44. Rxf7 e3 45. h6 e2 46. h7 Rxf4+
47. Kxf4 e1=Q 48. h8=Q+ Nd8 49. Rf8 Qe4+ 50. Kg5 Qg2+ 51. Kf6 Qf3+ 52. Kg6 Qg4+
53. Kh6 Qh4+ 54. Kg7 Qg5+ 55. Kh7 Qh4+ 56. Kg8 Qg4+ 57. Qg7 Qe6+ 58. Kh7 1-0

[Event "DRUGA LIGA CENTRALNE SRBIJE - ISTOK 2017"]
[Site "Srebrno jezero"]
[Date "2017.09.10"]
[Round "4.6"]
[White "Zivkovic, Nemanja"]
[Black "Cvetkovic, Nemanja"]
[Result "0-1"]
[WhiteElo "2282"]
[BlackElo "2253"]
[PlyCount "106"]
[EventDate "2017.09.08"]

1. e4 Nf6 2. d3 e5 3. Nf3 Nc6 4. Be2 d5 5. exd5 Nxd5 6. O-O Bd6 7. Re1 O-O 8.
Nbd2 Re8 9. Nc4 Bc5 10. Bg5 f6 11. Bc1 Be6 12. a4 a5 13. c3 Qd7 14. Qc2 Rad8
15. Bf1 Bf7 16. Nfd2 Ba7 17. Ne4 h6 18. Bd2 f5 19. Ng3 Nf6 20. d4 f4 21. Ne4
Nxe4 22. Qxe4 exd4 23. Qxf4 Rf8 24. cxd4 Qxd4 25. Be3 Qxf4 26. Bxf4 Rd4 27. Be3
Rxc4 28. Bxc4 Bxc4 29. Bxa7 Nxa7 30. Rac1 Rf4 31. Re7 Nc6 32. Rxc7 Ba6 33. b3
Rb4 34. Rd1 Nd4 35. h3 Kh7 36. Kh2 b6 37. Rd2 h5 38. Rd7 Nxb3 39. R2d5 Nc5 40.
Rxh5+ Kg6 41. Rdd5 Rxa4 42. g4 Rf4 43. Rhg5+ Kf7 44. Rd2 a4 45. Rd6 Rxf2+ 46.
Kg1 Rf6 47. Rd2 a3 48. Ra2 Rf3 49. Rf5+ Rxf5 50. gxf5 b5 51. Rxa3 b4 52. Ra1 b3
53. Kf2 Bd3 0-1

[Event "DRUGA LIGA CENTRALNE SRBIJE - ISTOK 2017"]
[Site "Srebrno jezero"]
[Date "2017.09.10"]
[Round "4.6"]
[White "Dimitrijevic, Srdjan"]
[Black "Jakovljevic, Dejan"]
[Result "1-0"]
[WhiteElo "2259"]
[BlackElo "2064"]
[PlyCount "109"]
[EventDate "2017.09.08"]

1. d4 Nf6 2. Nf3 c5 3. d5 e6 4. c4 exd5 5. cxd5 d6 6. Nc3 g6 7. h3 Bg7 8. Bf4
O-O 9. e3 Bf5 10. Qb3 Qe7 11. Be2 a6 12. a4 h6 13. Nd2 g5 14. Bh2 Rd8 15. Nc4
Ne8 16. Nb6 Ra7 17. a5 Nd7 18. Nxd7 Bxd7 19. Na4 Bxa4 20. Rxa4 Qf6 21. Ra2 Raa8
22. O-O Qe7 23. Ra4 Rab8 24. f4 Bf6 25. fxg5 Bxg5 26. Bf4 Ng7 27. h4 Bxf4 28.
Raxf4 f5 29. e4 Rf8 30. Qf3 fxe4 31. Rxe4 Rxf3 32. Rxe7 Rxf1+ 33. Bxf1 Nf5 34.
Rd7 b6 35. Bd3 Nd4 36. Rxd6 bxa5 37. Rxa6 Rb3 38. Bf1 Rxb2 39. Rxa5 Nb3 40. Rb5
Rb1 41. Kf2 Nd2 42. Rxb1 Nxb1 43. Ke3 Nc3 44. Bc4 Kf8 45. g4 Ke7 46. Kf4 Kd6
47. g5 hxg5+ 48. Kxg5 Nxd5 49. h5 Ne3 50. h6 Nxc4 51. h7 Ne5 52. Kf6 Nd7+ 53.
Kf5 c4 54. h8=Q Nc5 55. Qd4+ 1-0

[Event "DRUGA LIGA CENTRALNE SRBIJE - ISTOK 2017"]
[Site "Srebrno jezero"]
[Date "2017.09.10"]
[Round "4.6"]
[White "Petrovic, Grade"]
[Black "Mijajlovic, Jovan"]
[Result "1/2-1/2"]
[WhiteElo "2061"]
[BlackElo "1891"]
[PlyCount "101"]
[EventDate "2017.09.08"]

1. d4 Nf6 2. Nf3 e6 3. c4 Bb4+ 4. Bd2 a5 5. a3 Bxd2+ 6. Nbxd2 d6 7. e3 Nbd7 8.
Be2 b6 9. O-O Bb7 10. b4 axb4 11. axb4 O-O 12. Qc2 e5 13. Nb3 e4 14. Nfd2 Qe7
15. Rxa8 Rxa8 16. Ra1 g6 17. Rxa8+ Bxa8 18. Qa2 Qd8 19. Qa7 Qb8 20. Qxb8+ Nxb8
21. b5 Nbd7 22. Kf1 Kf8 23. Ke1 Ke8 24. Kd1 c6 25. bxc6 Bxc6 26. Kc2 Ba4 27.
Kc3 Bxb3 28. Nxb3 Kd8 29. Kb4 h5 30. f3 Nf8 31. fxe4 Nxe4 32. Bf3 Nf6 33. c5
bxc5+ 34. dxc5 dxc5+ 35. Nxc5 N6h7 36. Kc4 Ng5 37. Bd5 Ke7 38. Kd4 Ngh7 39. h4
Nf6 40. Bf3 N6d7 41. Nxd7 Kxd7 42. Ke5 Ke7 43. Be2 Nd7+ 44. Kf4 Kf6 45. g4 hxg4
46. Bxg4 Ne5 47. Be2 Nc6 48. Bd3 Ne5 49. Bb5 Ke6 50. Be2 Kf6 51. Bb5 1/2-1/2

[Event "DRUGA LIGA CENTRALNE SRBIJE - ISTOK 2017"]
[Site "Srebrno jezero"]
[Date "2017.09.10"]
[Round "4.1"]
[White "Popchev, Milko"]
[Black "Golubovic, Zoran"]
[Result "1-0"]
[WhiteElo "2301"]
[BlackElo "2274"]
[PlyCount "107"]
[EventDate "2017.09.08"]

1. Nc3 c5 2. e4 Nc6 3. g3 Nf6 4. Bg2 e6 5. f4 d5 6. e5 Nd7 7. Nf3 a6 8. O-O Qc7
9. d4 g6 10. Ne2 cxd4 11. Nexd4 Be7 12. Be3 b5 13. c3 Nb6 14. Bf2 Bd7 15. Qe2
Kf8 16. h3 Kg7 17. Rae1 b4 18. cxb4 Bxb4 19. Rc1 Qb7 20. g4 Rhc8 21. Rcd1 Nxd4
22. Nxd4 Na4 23. f5 Bb5 24. Qf3 Bxf1 25. Rxf1 exf5 26. gxf5 Nc5 27. fxg6 fxg6
28. a3 Bd2 29. Qxd5 Qxd5 30. Bxd5 Rab8 31. b4 Nd3 32. Ne6+ Kh6 33. Rd1 Rc1 34.
Rxc1 Bxc1 35. Bd4 Bxa3 36. Be4 Rxb4 37. Be3+ g5 38. Bxd3 Kh5 39. Bxa6 Bb2 40.
Be2+ Kg6 41. Bd3+ Kh5 42. Ng7+ Kh4 43. Kg2 g4 44. Nf5+ Kh5 45. e6 gxh3+ 46.
Kxh3 Kg6 47. e7 Kf7 48. Be2 Rb8 49. Bf4 Ra8 50. Kg4 Bf6 51. Bc4+ Ke8 52. Bb5+
Kf7 53. e8=Q+ Rxe8 54. Nd6+ 1-0

[Event "DRUGA LIGA CENTRALNE SRBIJE - ISTOK 2017"]
[Site "Srebrno jezero"]
[Date "2017.09.10"]
[Round "4.1"]
[White "Keca, Dragomir"]
[Black "Bozilov, Dragan*"]
[Result "1-0"]
[WhiteElo "2174"]
[BlackElo "2003"]
[PlyCount "71"]
[EventDate "2017.09.08"]

1. c4 e5 2. Nc3 Nc6 3. g3 f5 4. Bg2 Nf6 5. e3 d6 6. d4 e4 7. f3 Qe7 8. Nd5 Nxd5
9. cxd5 exf3 10. Nxf3 Nb8 11. Qc2 g6 12. O-O Bh6 13. e4 Bxc1 14. Raxc1 fxe4 15.
Nd2 e3 16. Ne4 Na6 17. b4 Kd8 18. b5 Nb4 19. Qb3 Bf5 20. Rf4 Rf8 21. Qxb4 g5
22. Rff1 Bxe4 23. Rxf8+ Qxf8 24. Bxe4 Qf2+ 25. Kh1 e2 26. Bg2 Qe3 27. Qe1 Kd7
28. Qg1 Qd2 29. Bh3+ Kd8 30. Re1 c6 31. Qf2 Qxa2 32. dxc6 bxc6 33. Rxe2 Qd5+
34. Kg1 Kc7 35. Be6 Qxb5 36. Rb2 1-0

[Event "DRUGA LIGA CENTRALNE SRBIJE - ISTOK 2017"]
[Site "Srebrno jezero"]
[Date "2017.09.10"]
[Round "4.1"]
[White "Stoimenov, Roki"]
[Black "Zivic, Jovan"]
[Result "1-0"]
[WhiteElo "2016"]
[BlackElo "2090"]
[PlyCount "87"]
[EventDate "2017.09.08"]

1. Nf3 Nf6 2. g3 d5 3. c4 c6 4. cxd5 cxd5 5. Bg2 Nc6 6. O-O e6 7. b3 Be7 8. Bb2
O-O 9. d3 a6 10. Nbd2 b5 11. e4 dxe4 12. dxe4 Bb7 13. Qe2 Qb6 14. e5 Nd5 15.
Ne4 Rfd8 16. Rfd1 a5 17. Nd4 b4 18. Nxc6 Bxc6 19. Qg4 Kh8 20. Bd4 Qb8 21. Qh5
Be8 22. Nf6 gxf6 23. exf6 Nxf6 24. Be5 Qxe5 25. Qxe5 Rxd1+ 26. Rxd1 Rc8 27.
Qxa5 Kg7 28. Qa7 Kf8 29. Qe3 Rc2 30. Qh6+ Kg8 31. Rc1 Rxa2 32. Rc8 Ra1+ 33. Bf1
Rd1 34. g4 Rd8 35. Rxd8 Bxd8 36. Qg5+ Kf8 37. Qc5+ Be7 38. Qd4 h6 39. h4 Kg8
40. Qf4 Kg7 41. g5 hxg5 42. hxg5 Nh7 43. Qe5+ Kg8 44. Be2 1-0

[Event "DRUGA LIGA CENTRALNE SRBIJE - ISTOK 2017"]
[Site "Srebrno jezero"]
[Date "2017.09.10"]
[Round "4.1"]
[White "Zivkovic, Ljubisa"]
[Black "Igic, Vladan"]
[Result "0-1"]
[WhiteElo "1965"]
[BlackElo "1989"]
[PlyCount "112"]
[EventDate "2017.09.08"]

1. e4 e6 2. d4 b6 3. Bd3 Bb7 4. Nf3 c5 5. c3 Nf6 6. Qe2 Be7 7. O-O d6 8. h3
Nbd7 9. Rd1 O-O 10. Nbd2 Rc8 11. Nf1 cxd4 12. cxd4 Re8 13. Ng3 Qc7 14. Be3 Qb8
15. Nd2 Qa8 16. f3 g6 17. a3 Bf8 18. Rac1 Rxc1 19. Rxc1 Rc8 20. Rc3 Rxc3 21.
bxc3 Qc8 22. c4 Ba6 23. Kf2 e5 24. d5 Nc5 25. Bc2 Qe8 26. Bxc5 bxc5 27. Qd3 Qb8
28. Qb3 Qxb3 29. Bxb3 Bh6 30. Ngf1 Nd7 31. g4 Bf4 32. h4 h6 33. Ne3 Bc8 34. Ba4
Nb6 35. Bb5 a6 36. Bc6 Bd7 37. Bb7 Bc8 38. Bxc8 Nxc8 39. Nb3 Nb6 40. Na5 Kf8
41. h5 Ke7 42. Ke2 Bxe3 43. Kxe3 Kf6 44. f4 exf4+ 45. Kxf4 Nd7 46. Nc6 g5+ 47.
Kg3 Ne5 48. Na5 Ke7 49. Nc6+ Nxc6 50. dxc6 Kd8 51. a4 Kc7 52. a5 Kxc6 53. Kf3
Kd7 54. Ke3 Ke6 55. Kd3 Ke5 56. Ke3 f6 0-1

[Event "DRUGA LIGA CENTRALNE SRBIJE - ISTOK 2017"]
[Site "Srebrno jezero"]
[Date "2017.09.10"]
[Round "4.1"]
[White "Djordjevic, Lazar**"]
[Black "Stojanovic, Milorad"]
[Result "1-0"]
[WhiteElo "1833"]
[BlackElo "1922"]
[PlyCount "83"]
[EventDate "2017.09.08"]

1. e4 e5 2. Nf3 Nc6 3. Bb5 a6 4. Ba4 Nf6 5. O-O Be7 6. Re1 b5 7. Bb3 O-O 8. h3
d6 9. c3 Na5 10. Bc2 c5 11. d4 Qc7 12. Nbd2 Nc6 13. Nf1 Bd7 14. Bb3 Na5 15. Bc2
Rfc8 16. Ne3 Bf8 17. Bd2 Nc6 18. Nd5 Nxd5 19. exd5 Ne7 20. dxe5 Nxd5 21. Ng5 h6
22. Nxf7 dxe5 23. Nxe5 Nf6 24. Bf4 Bd6 25. Nxd7 Bxf4 26. Re7 Qd6 27. Qxd6 Bxd6
28. Re6 Nxd7 29. Rxd6 Nf6 30. Rad1 Kf8 31. Bg6 Ra7 32. Re1 c4 33. Ree6 Rca8 34.
Rb6 Re7 35. Rxa6 Rxa6 36. Rxa6 Re2 37. b3 cxb3 38. axb3 Rb2 39. b4 Nd5 40. Rc6
Rb3 41. Rc5 Nxc3 42. Re5 1-0

[Event "DRUGA LIGA CENTRALNE SRBIJE - ISTOK 2017"]
[Site "Srebrno jezero"]
[Date "2017.09.10"]
[Round "4.1"]
[White "Stankovic, Darko*"]
[Black "Pejcic, Marko**"]
[Result "1-0"]
[WhiteElo "1912"]
[BlackElo "1194"]
[PlyCount "81"]
[EventDate "2017.09.08"]

1. c4 e5 2. Nc3 Nf6 3. g3 Bb4 4. Bg2 Nc6 5. Nf3 d6 6. d3 Bg4 7. a3 Bxc3+ 8.
bxc3 Rb8 9. O-O O-O 10. Rb1 Qd7 11. Bg5 Qe6 12. e4 Ne7 13. Qc2 b6 14. Nd2 h6
15. Be3 Bh3 16. f4 Bxg2 17. Kxg2 Ng4 18. Rbe1 c5 19. h3 Nxe3+ 20. Rxe3 f6 21.
Ref3 Qd7 22. Rd1 g5 23. f5 Rb7 24. Nf1 Rfb8 25. d4 Nc6 26. dxc5 bxc5 27. Rf2
Na5 28. Ne3 h5 29. Rfd2 Rb3 30. Nd5 Nxc4 31. Nxf6+ Kf7 32. Nxd7 Ne3+ 33. Kf3
Nxc2 34. Nxb8 Nxa3 35. Rxd6 Rxb8 36. Rd7+ Ke8 37. Rxa7 Nb5 38. Rh7 Rb6 39. Ra1
g4+ 40. hxg4 hxg4+ 41. Kxg4 1-0

[Event "DRUGA LIGA CENTRALNE SRBIJE - ISTOK 2017"]
[Site "Srebrno jezero"]
[Date "2017.09.10"]
[Round "4.2"]
[White "Paunovic, Tomislav"]
[Black "Todorovic, Nenad I**"]
[Result "1/2-1/2"]
[WhiteElo "2346"]
[BlackElo "2262"]
[PlyCount "80"]
[EventDate "2017.09.08"]

1. d4 Nf6 2. c4 e6 3. Nc3 Bb4 4. Nf3 b6 5. Bd2 Bb7 6. a3 Bxc3 7. Bxc3 O-O 8. e3
d6 9. b4 Nbd7 10. Be2 c5 11. dxc5 dxc5 12. O-O Qe7 13. Qb3 Ne4 14. Bb2 Rfd8 15.
Rfd1 Ndf6 16. Ne5 Nd7 17. f3 Nef6 18. b5 Nxe5 19. Bxe5 Ne8 20. a4 f6 21. Bg3
Rxd1+ 22. Rxd1 Rd8 23. a5 Rxd1+ 24. Qxd1 e5 25. a6 Ba8 26. f4 exf4 27. Bxf4 g5
28. Bg3 Qe4 29. Qf1 Qxe3+ 30. Kh1 f5 31. Bb8 Nf6 32. h4 Ne4 33. Kh2 Nd2 34.
Qxf5 Qxe2 35. Qxg5+ Kf7 36. Qf5+ Ke8 37. Qc8+ Kf7 38. Qf5+ Ke8 39. Qc8+ Kf7 40.
Qf5+ Ke8 1/2-1/2

[Event "DRUGA LIGA CENTRALNE SRBIJE - ISTOK 2017"]
[Site "Srebrno jezero"]
[Date "2017.09.10"]
[Round "4.2"]
[White "Grkovic, Vladan"]
[Black "Todorovic, Bojan"]
[Result "1/2-1/2"]
[WhiteElo "2213"]
[BlackElo "2351"]
[PlyCount "46"]
[EventDate "2017.09.08"]

1. d4 g6 2. e4 Bg7 3. c4 d6 4. Nc3 Nc6 5. Be3 e5 6. d5 Nce7 7. g4 f5 8. gxf5
gxf5 9. Qh5+ Kf8 10. exf5 Nf6 11. Qf3 Bxf5 12. Bh3 Qd7 13. O-O-O a6 14. Bxf5
Qxf5 15. Qe2 Ng6 16. Nf3 Nf4 17. Qc2 Qxc2+ 18. Kxc2 Nh3 19. Ng5 Nxg5 20. Bxg5
Kf7 21. Rhg1 Rhg8 22. Kd3 Bh8 23. Bxf6 Bxf6 1/2-1/2

[Event "DRUGA LIGA CENTRALNE SRBIJE - ISTOK 2017"]
[Site "Srebrno jezero"]
[Date "2017.09.10"]
[Round "4.2"]
[White "Manic, Jovica"]
[Black "Djordjevic, Danilo**"]
[Result "1-0"]
[WhiteElo "2220"]
[BlackElo "2125"]
[PlyCount "75"]
[EventDate "2017.09.08"]

1. d4 Nf6 2. Bg5 d5 3. Nf3 Nbd7 4. e3 h6 5. Bh4 c5 6. c3 Qb6 7. Qc2 e6 8. Nbd2
Bd6 9. Bg3 O-O 10. Be2 a6 11. Ne5 cxd4 12. exd4 Ne8 13. f4 f5 14. O-O Nef6 15.
Kh1 Qc7 16. b3 g5 17. Ndf3 g4 18. Nd2 h5 19. Bh4 Bxe5 20. fxe5 Nh7 21. c4 b5
22. Rac1 bxc4 23. bxc4 Bb7 24. Be7 Rf7 25. Bd6 Qc6 26. c5 a5 27. a4 Ba6 28.
Bxa6 Rxa6 29. Rb1 h4 30. Rb5 Ng5 31. Nb3 Ne4 32. Nxa5 Qa8 33. c6 Nb6 34. c7 Nc8
35. Rb8 Rxa5 36. Rxa8 Rxa8 37. Rb1 Kg7 38. Rb8 1-0

[Event "DRUGA LIGA CENTRALNE SRBIJE - ISTOK 2017"]
[Site "Srebrno jezero"]
[Date "2017.09.10"]
[Round "4.2"]
[White "Ristic, Boban"]
[Black "Nikolic, Boban"]
[Result "0-1"]
[WhiteElo "2030"]
[BlackElo "2248"]
[PlyCount "66"]
[EventDate "2017.09.08"]

1. d4 e6 2. Nf3 c5 3. c3 Nf6 4. Bf4 cxd4 5. Nxd4 d5 6. e3 a6 7. Nf3 Bd6 8. Bxd6
Qxd6 9. Nbd2 O-O 10. Be2 Nc6 11. O-O e5 12. a4 Re8 13. Re1 e4 14. Nd4 Ne5 15.
h3 Ng6 16. c4 Qe5 17. cxd5 Qg5 18. Kh2 Qh4 19. Kg1 Bxh3 20. gxh3 Qxh3 21. Bf1
Qh4 22. f4 exf3 23. N4xf3 Qg3+ 24. Bg2 Ng4 25. Qe2 Nf4 26. exf4 Rxe2 27. Rxe2
Qxf4 28. Re4 Qg3 29. Nf1 Qf2+ 30. Kh1 Qxb2 31. Rae1 Nf2+ 32. Kh2 Nd3 33. Rd1
Qf6 0-1

[Event "DRUGA LIGA CENTRALNE SRBIJE - ISTOK 2017"]
[Site "Srebrno jezero"]
[Date "2017.09.10"]
[Round "4.2"]
[White "Jovanovic, Bojan P*"]
[Black "Milosavljevic, Ivan"]
[Result "1-0"]
[WhiteElo "2241"]
[BlackElo "2063"]
[PlyCount "75"]
[EventDate "2017.09.08"]

1. d4 d5 2. c4 Nf6 3. cxd5 Nxd5 4. e4 Nf6 5. Nc3 e6 6. e5 Nd5 7. Nf3 c5 8. Bd2
cxd4 9. Nxd4 Bc5 10. Nb3 Bb6 11. Qg4 g6 12. Ne4 f5 13. exf6 Nxf6 14. Bb5+ Nc6
15. Qh4 Nxe4 16. Qxe4 O-O 17. O-O-O Qd5 18. Qxd5 exd5 19. f3 a5 20. Bh6 a4 21.
Na1 Rf5 22. Rhe1 a3 23. g4 axb2+ 24. Kxb2 Bd4+ 25. Rxd4 Nxd4 26. Re8+ Kf7 27.
Rf8+ Ke7 28. gxf5 Nxb5 29. f6+ Ke6 30. Bg5 Nd6 31. Nb3 b6 32. Nd4+ Ke5 33. Nb5
Nxb5 34. Re8+ Kd4 35. f7 Nd6 36. f8=Q Nxe8 37. Qxe8 Kc4 38. Qc6+ 1-0

[Event "DRUGA LIGA CENTRALNE SRBIJE - ISTOK 2017"]
[Site "Srebrno jezero"]
[Date "2017.09.10"]
[Round "4.2"]
[White "Velickovic, Dusan*"]
[Black "Perovic, Zivojin**"]
[Result "1/2-1/2"]
[WhiteElo "1970"]
[BlackElo "2180"]
[PlyCount "37"]
[EventDate "2017.09.08"]

1. d4 Nf6 2. c3 d5 3. Bf4 g6 4. e3 Bg7 5. Bd3 Nbd7 6. Nf3 O-O 7. Nbd2 c5 8. h3
Re8 9. O-O a6 10. Be2 b6 11. Bh2 Bb7 12. Ne5 Nxe5 13. Bxe5 Nd7 14. Bxg7 Kxg7
15. dxc5 bxc5 16. b4 cxb4 17. cxb4 Qb6 18. Qb3 Rac8 19. Rac1 1/2-1/2

[Event "DRUGA LIGA CENTRALNE SRBIJE - ISTOK 2017"]
[Site "Srebrno jezero"]
[Date "2017.09.10"]
[Round "4.2"]
[White "Mitic, Milan"]
[Black "Bogdanovic, Dragan"]
[Result "1-0"]
[WhiteElo "2117"]
[BlackElo "1941"]
[PlyCount "43"]
[EventDate "2017.09.08"]

1. d4 Nf6 2. c4 c5 3. e3 cxd4 4. exd4 d5 5. Nf3 Nc6 6. Be2 g6 7. O-O Bg7 8. Nc3
O-O 9. b3 e6 10. Bb2 a6 11. Rc1 Qd6 12. c5 Qc7 13. Na4 Bd7 14. Nb6 Rad8 15. a4
Be8 16. Ba3 Nd7 17. b4 Nxb6 18. cxb6 Qxb6 19. b5 axb5 20. Bxb5 Qa5 21. Bc5 Na7
22. Ra1 1-0

[Event "DRUGA LIGA CENTRALNE SRBIJE - ISTOK 2017"]
[Site "Srebrno jezero"]
[Date "2017.09.10"]
[Round "4.3"]
[White "Delchev, Aleksander"]
[Black "Livaja, Mario"]
[Result "1-0"]
[WhiteElo "2577"]
[BlackElo "2314"]
[PlyCount "79"]
[EventDate "2017.09.08"]

1. d4 Nf6 2. c4 c5 3. d5 b5 4. Nf3 d6 5. cxb5 a6 6. b6 g6 7. Nc3 Qxb6 8. e4
Nbd7 9. Be2 Bg7 10. O-O O-O 11. Rb1 Ne8 12. Bg5 Ndf6 13. Nd2 Nc7 14. Nc4 Qb8
15. a4 a5 16. Re1 Ba6 17. b3 Qd8 18. Qd2 Bxc4 19. Bxc4 Nd7 20. Bh6 Ne5 21. Bxg7
Kxg7 22. f4 Nxc4 23. bxc4 Na6 24. Nb5 Nb4 25. Rb3 Qd7 26. Rh3 f6 27. e5 dxe5
28. fxe5 g5 29. Qe2 Kh8 30. e6 Qe8 31. Qe4 f5 32. Qe5+ Kg8 33. Nc7 Qg6 34. Nxa8
Rxa8 35. d6 exd6 36. Qxd6 f4 37. Qxc5 g4 38. Rh5 h6 39. Qf5 Kg7 40. e7 1-0